[Event "Navarra-ch"]
[Site "Pamplona"]
[Date "2017.03.11"]
[Round "1"]
[White "Cinza Lopez, Javier"]
[Black "Silvestre Escorza, Angel Maria"]
[Result "1-0"]
[WhiteElo "2001"]
[BlackElo "1763"]
[PlyCount "77"]
[EventDate "2017.03.11"]
[EventType "swiss"]
[EventRounds "7"]
[EventCountry "ESP"]
[SourceTitle "EXT 2018"]
[Source "ChessBase"]
[SourceDate "2017.10.13"]
[SourceVersion "1"]
[SourceVersionDate "2017.10.13"]
[SourceQuality "1"]

1. e4 c5 2. b4 cxb4 3. a3 e6 4. Nf3 a6 5. d4 bxa3 6. Nxa3 Bb4+ 7. Bd2 Bxd2+ 8. Qxd2 Ne7 9. Bd3 d6 10. 0-0 Nd7 11. Rfb1 0-0 12. Qf4 e5 13. dxe5 Ng6 14. Qg3 Ndxe5 15. Nxe5 Nxe5 16. f4 Nxd3 17. cxd3 Rb8 18. f5 b5 19. Rf1 Qf6 20. Rab1 Bb7 21. Nc2 Rbc8 22. Ne3 Qe5 23. Rf4 f6 24. Ng4 Qd4+ 25. Nf2 Rc7 26. h4 Rff7 27. Kh2 Kh8 28. Ng4 Rc3 29. Rd1 b4 30. e5 Qc5 31. exf6 Rc2 32. Re1 Qc6 33. Ne3 Ra2 34. Rg4 Rxf6 35. Rxg7 Rf8 36. f6 Rxg2+ 37. Nxg2 Qxg2+ 38. Qxg2 Bxg2 39. Rxg2 1-0